| 000 | 00477nam a2200181 a 4500 | ||
|---|---|---|---|
| 005 | 20140310183218.0 | ||
| 008 | 030701s19uu xx 00 eng d | ||
| 020 | _a9716421389 | ||
| 050 |
_aD 21 _b.Z21 1996 |
||
| 100 | _aZaide, Sonia M. | ||
| 245 |
_aWorld History / _cSonia M. Zaide. |
||
| 260 |
_aQuezon City : _bAll-nations Pub., _c1996. |
||
| 300 |
_a460. p : _bill. ; _c23 cm. |
||
| 521 | _aEDU | ||
| 650 |
_aHistory _xWorld |
||
| 942 |
_cBK _2lcc _kLOC |
||
| 999 |
_c20263 _d20263 |
||